Detalles MARC
| 000 -LIDER |
| fixed length control field |
01287nam a2200325 u 4500 |
| 003 - IDENTIFICACDOR DE NÚMERO DE CONTROL |
| control field |
DO-SdBNP |
| 005 - DATE AND TIME OF LATEST TRANSACTION |
| control field |
20211018114354.0 |
| 008 - ELEMENTOS DE LONGITUD FIJA |
| fixed length control field |
090706s1991 dr ac 001 0 spa d |
| 040 ## - FUENTE DE CATALOGACIÓN |
| Agencia que crea de manera original el registro |
DO-SdBNP |
| Idioma de catalogación |
spa |
| Agencia que realiza la transcripción |
BPMSU |
| 082 ## - NÚMERO DE CLASIFICACIÓN DECIMAL DE DEWEY |
| Classification number |
972.93053 |
| Item number |
V422k 1991 |
| Edition number |
22 |
| 100 1# - ASIENTO PRINCIPAL -- NOMBRE PERSONAL |
| Nombre personal |
Vega, Bernardo, |
| Fechas asociadas con el nombre |
1938 - |
| 245 10 - MENCIÓN DE TITULO |
| Título |
Kennedy y los Trujillo / |
| Mención de responsabilidad |
Bernardo Vega. |
| 260 ## - PUBLICACIÓN, DISTRIBUCIÓN, ETC. (PIE DE IMPRENTA) |
| Lugar de publicación, distribución, etc |
Santo Domingo : |
| Nombre del editor, distribuidor, etc. |
Fundación Cultural Dominicana, |
| Fecha de publicación, distribución, etc |
1991. |
| 300 ## - DESCRIPCIÓN FÍSICA |
| Extensión |
423 p. ; |
| Dimensiones |
27 cm. |
| Otros detalles físicos |
|
| 500 ## - NOTA GENERAL |
| Nota general |
Icluye índice onomástico. |
| 500 ## - NOTA GENERAL |
| Nota general |
Incluye archivos consultados y sus siglas. |
| 500 ## - NOTA GENERAL |
| Nota general |
Incluye notas al pie de la página y notas generales por capítulos. |
| 590 ## - NOTA LOCAL |
| Enlace |
Inventariado, 2021/VM |
| 600 10 - ENCABEZAMIENTO DE MATERIA--NOMBRE PERSONAL |
| Nombre personal |
Kennedy, John F., |
| Forma completa del nombre |
John Fitgerald |
| Fechas asociadas con el nombre |
1917-1963 |
| 600 10 - ENCABEZAMIENTO DE MATERIA--NOMBRE PERSONAL |
| Nombre personal |
Trujillo Molina, Rafael Leónidas, |
| Fechas asociadas con el nombre |
1891-1961 |
| 600 z# - ENCABEZAMIENTO DE MATERIA--NOMBRE PERSONAL |
| Nombre personal |
Chapita, |
| Fechas asociadas con el nombre |
1891-1961 |
| 600 z# - ENCABEZAMIENTO DE MATERIA--NOMBRE PERSONAL |
| Nombre personal |
Molina, Rafael Leónidas Trujillo, |
| Fechas asociadas con el nombre |
1891-1961 |
| 600 z# - ENCABEZAMIENTO DE MATERIA--NOMBRE PERSONAL |
| Nombre personal |
Trujillo, Rafael Leónidas, |
| Fechas asociadas con el nombre |
1891-1961 |
| 651 14 - ENCABEZAMIENTO DE MATERIA--NOMBRE GEOGRÁFICO |
| Nombre geográfico |
República Dominicana |
| Subdivisión temática general |
Historia |
| Subdivisión cronológica |
Era de Trujillo, 1930-1961 |
| 651 14 - ENCABEZAMIENTO DE MATERIA--NOMBRE GEOGRÁFICO |
| Nombre geográfico |
República Dominicana |
| Subdivisión temática general |
Historia |
| Subdivisión cronológica |
1961-1965 |
| 651 14 - ENCABEZAMIENTO DE MATERIA--NOMBRE GEOGRÁFICO |
| Nombre geográfico |
Estados Unidos |
| Subdivisión temática general |
Relaciones Exteriores |
| Subdivisión geográfica |
República Dominicana |
| 651 #4 - ENCABEZAMIENTO DE MATERIA--NOMBRE GEOGRÁFICO |
| Nombre geográfico |
República Dominicana |
| Subdivisión temática general |
Relaciones Exteriores |
| Subdivisión geográfica |
Estados Unidos |
| 910 ## - VALIDACIÓN |
| Validación |
VMateo V. |
| 942 ## - ADDED ENTRY ELEMENTS (KOHA) |
| Source of classification or shelving scheme |
Dewey Decimal Classification |
| Koha item type |
Libros |